00664nam a2200181 4500001000700000003000900007005001700016007000300033008004100036100003700077245007400114260005800188300002100246710004200267852003200309999001900341952012200360116858ES-MaACL20230906190800.0t|061121s1968 sp r ||||1| spa d1 aPendás Díaz, Benigno.99015613aEl regimen jurídico del seguro escolar / cBenigno Pendás Díaz. aSantander : bSeminario de Estudios Sociales, c1968. a95 p. ; c24 cm.2 aSeminario de Estudios Sociales.96552 aES-MaACLjC-45575 bR.66953 c116858d116858 00104070aATENEOMbATENEOMcDEPO2d2008-01-17eSCl0oC-45575p1121845r2023-02-23 00:00:00w2023-02-23yMONOGRAFIA